| 000 | 01286nam a22002417a 4500 | ||
|---|---|---|---|
| 007 | ta | ||
| 008 | 200203b2018 ck ||||jr|||| 00| f spa d | ||
| 020 | _a9788408182696 | ||
| 020 | _a9789584869938 | ||
| 020 | _a9584268937 | ||
| 040 |
_aCO-JMCR _cCO-JMCR |
||
| 082 |
_2J-N _aBARo |
||
| 100 | 1 |
_aBartual, Manuel, _eautor _9127 |
|
| 245 | 3 |
_aEl otro manuel / _cManuel Bartual |
|
| 250 | _aPrimera edición | ||
| 260 |
_aBogotá : _bPlaneta, _c2018 |
||
| 300 |
_a253 páginas ; _c23 cm. |
||
| 500 | _aDatos biográficos del autor : páginas [255]. | ||
| 520 | 3 | _aUna noche cualquiera, rodeado por las cajas de su reciente mudanza, Manuel hace un pedido de comida a domicilio, pero no recibe los que ha solicitado. en su lugar le entregan la cena de Alicia, una vecina del barrio que. a su vez, ha recibido la cena de Manuel y a la que conocería gracias a esta confusión. Lo que parece un echo sin demasiada importancia será el detonante de los días más extraños en la vida de ambos, hasta el punto de convertirse en los protagonistas de un misterio en el que descubrir la identidad de quien está detrás de todo lo que les está pasando será la menor de sus preocupaciones. | |
| 650 | 2 | 4 |
_vMisterio _9128 |
| 650 |
_vHistorias _9129 |
||
| 999 |
_c6421 _d6421 |
||